|
|
|
|
| LEADER |
01428nam a2200373 a 4500 |
| 001 |
EBC510295 |
| 003 |
MiAaPQ |
| 005 |
20200520144314.0 |
| 006 |
m o d | |
| 007 |
cr cn||||||||| |
| 008 |
100615t20102009nyua sb 001 0 eng d |
| 010 |
|
|
|z 2008048632
|
| 020 |
|
|
|z 9780199737277 (pbk.)
|
| 020 |
|
|
|a 9780199750801 (electronic bk.)
|
| 035 |
|
|
|a (MiAaPQ)EBC510295
|
| 035 |
|
|
|a (Au-PeEL)EBL510295
|
| 035 |
|
|
|a (CaPaEBR)ebr10386109
|
| 035 |
|
|
|a (OCoLC)609861622
|
| 040 |
|
|
|a MiAaPQ
|c MiAaPQ
|d MiAaPQ
|
| 050 |
|
4 |
|a HD61
|b .B74 2010
|
| 100 |
1 |
|
|a Bremmer, Ian,
|d 1969-
|
| 245 |
1 |
4 |
|a The fat tail
|h [electronic resource] :
|b the power of political knowledge in an uncertain world /
|c Ian Bremmer and Preston Keat.
|
| 260 |
|
|
|a New York :
|b Oxford University Press,
|c 2010, c2009.
|
| 300 |
|
|
|a xv, 254 p. :
|b ill.
|
| 504 |
|
|
|a Includes bibliographical references and index.
|
| 533 |
|
|
|a Electronic reproduction. Ann Arbor, MI : ProQuest, 2015. Available via World Wide Web. Access may be limited to ProQuest affiliated libraries.
|
| 650 |
|
0 |
|a Risk management
|x Political aspects.
|
| 650 |
|
0 |
|a Investments
|x Political aspects.
|
| 650 |
|
0 |
|a Country risk
|x Management.
|
| 650 |
|
0 |
|a Political stability
|x Evaluation.
|
| 655 |
|
4 |
|a Electronic books.
|
| 700 |
1 |
|
|a Keat, Preston.
|
| 710 |
2 |
|
|a ProQuest (Firm)
|
| 856 |
4 |
0 |
|u https://ebookcentral.proquest.com/lib/matrademy/detail.action?docID=510295
|z Click to View
|